Character or Real Person? - Statistics

General Stats
  • This quiz has been taken 12 times
  • The average score is 7 of 14
Answers on the Grid
Answers color-coded by a green-red scale on the quiz's grid according to % correct below.
Ada Lovelace
Ada Wong
Alan Turing
Arthur Morgan
Atticus Finch
Bruce Wayne
Charles Darwin
Doctor Manhattan
Emilie du Châtelet
Frodo Baggins
Gandalf
Grace Hopper
Hedy Lamarr
Indiana Jones
J. Robert Oppenheimer
James Bond
John von Neumann
Katniss Everdeen
Lara Croft
Lev Landau
Light Yagami
Marie Curie
Niels Bohr
Nikola Tesla
Rick Sanchez
Severus Snape
Sherlock Holmes
Sigmund Freud
Subrahmanyan Chandrasekhar
Thomas Shelby
Tony Stark
Walter White
 
Answer Stats
Answer % Correct
J. Robert Oppenheimer
82%
Marie Curie
82%
Nikola Tesla
82%
Niels Bohr
73%
Sigmund Freud
73%
Charles Darwin
64%
Ada Lovelace
55%
Alan Turing
55%
Hedy Lamarr
45%
Subrahmanyan Chandrasekhar
27%
Emilie du Châtelet
18%
John von Neumann
18%
Grace Hopper
0%
Lev Landau
0%
No matching quizzes found
Score Distribution
Percent of People with Each Score
Percentile by Number Answered
Your Score History
You have not taken this quiz